50 Beste Fußballer aller Zeiten - Statistiken

Allgemein
  • Dieses Quiz wurde 689 mal gespielt
  • Das Durchschnittsergebnis liegt bei 25 aus 50
Antwortstatistiken
Hint Antwort % Korrekt
Portugal Ronaldo
100%
Brasilien Ronaldo
100%
Argentinien Messi
99%
Brasilien Pele
90%
Argentinien Maradona
89%
Deutschland Müller
88%
Deutschland Beckenbauer
87%
Frankreich Zidane
83%
Niederlande Cruyff
78%
Brasilien Ronaldinho
78%
Deutschland Neuer
73%
Ungarn Puskas
71%
Italien Maldini
69%
Deutschland Matthäus
66%
Kroatien Modric
66%
Nordirland Best
63%
Italien Buffon
60%
Spanien Iniesta
60%
Deutschland Lahm
59%
Spanien Xavi
59%
Niederlande Van Basten
56%
Niederlande Gullit
54%
Portugal Eusebio
52%
Frankreich Platini
52%
Liberia Weah
51%
Deutschland Kroos
50%
Brasilien Rivaldo
50%
Russland Yashin
48%
Frankreich Mbappe
47%
Brasilien Kaka
42%
Italien Baggio
40%
Bulgarien Stoichkov
37%
Brasilien Cafu
35%
England Charlton
35%
Argentinien Di Stefano
34%
Brasilien Garrincha
34%
Brasilien Zico
32%
Deutschland Rummenigge
30%
Mexiko Sanchez
29%
Italien Baresi
27%
Spanien Suarez
24%
Brasilien Romario
23%
England Moore
22%
Brasilien Socrates
22%
Deutschland Breitner
15%
Brasilien Jairzinho
12%
Italalien Meazza
8%
Frankreich Kopa
6%
Niederlande Neeskens
6%
England Keegan
5%
Keine übereinstimmenden Quizze gefunden
Verteilung der Resultate
Anzahl Personen mit jedem Resultat
Perzentil nach korrekt beantworteten Fragen
Ihre Resultats-Entwicklung
Sie haben dieses Quiz noch nicht gespielt